| 000 | 01716ncm a2200445 c 4500 | ||
|---|---|---|---|
| 999 |
_c319737 _d319737 |
||
| 003 | BLK | ||
| 005 | 20250128005555.0 | ||
| 008 | 180414b bul |a|er|||| |0| c|bulo| | ||
| 010 | _aNOT00003517000 | ||
| 040 | _aBLK | ||
| 041 |
_aDEU _cDEU |
||
| 080 |
_aЦигулка, виолина, виола д'аморе _b787.1 _z787.1 |
||
| 080 |
_aДуо цигулка и пиано _b785.72:787.1:786.2 _z785.72:787.1:786.2 |
||
| 100 | 1 |
_aВивалди, Антонио _eпърви автор _947870 |
|
| 139 |
_aВивалди, Антонио _bВ 55 |
||
| 245 | 1 | 0 |
_aDie Jahreszeiten _bVier Konzerte fur Violine und Streichorcheter : Ausgabe fur Violine und Klavier _c* Антонио Вивалди; Antonio Vivaldi; hrsg. von Walter Kolneder. _nNr.3 _pL'Autunno _sOp.VІІІ, Nr.1-4 |
| 246 | 1 | 1 | _aLe stagioni |
| 246 | 1 | 1 |
_aDer Herbst _gпаралелно заглавие на том |
| 254 | _aКлавир + щим | ||
| 257 | _aITA | ||
| 260 |
_bPeters 9055c _c1982 |
||
| 300 | _c29 см | ||
| 380 | _a7 | ||
| 650 | 0 |
_aЦигулка - концерти, концертини _9291571 |
|
| 650 | 0 |
_aДуо - цигулка и пиано _9353793 |
|
| 653 | _aцигулка | ||
| 653 | _aконцерти | ||
| 653 | _aклавири | ||
| 653 | _aгодишни времена | ||
| 700 | 1 |
_aВивалди, Антонио _e* _947870 |
|
| 700 | 1 |
_aKolneder, Walter _ehrsg. von _915586 |
|
| 760 | 1 |
_aVivaldi, Antonio _c16 p. _d1982 _h16 p. _m5 p. _tNr.3 L'Autunno |
|
| 852 |
_aЦб М ІІ 9473 _p0 |
||
| 856 | 4 |
_qpdf _u |
|
| 856 | 4 |
_qpdf _u |
|
| 942 |
_cNOT _n0 _s1 |
||
| 944 |
_aCR _c22.07.2015 _k _lCRON CRON |
||
| 944 |
_aED _c22.07.2015 _kИрена_Линкова |
||
| 999 | _d319737 | ||